|
|
|
|
| LEADER |
00000cam a2200000 a 4500 |
| 001 |
vtls001105017 |
| 003 |
SK-MaSNL |
| 005 |
20260301062546.0 |
| 008 |
240513s1977 xo frnp 00000 slo |
| 015 |
|
|
|a SNBA1977
|
| 035 |
|
|
|a SNK000047859
|
| 040 |
|
|
|a SNK
|b slo
|c SNK
|e AACR2
|
| 041 |
0 |
|
|a slo
|
| 043 |
|
|
|a e-uk---
|a e-fr---
|a e-it---
|a e-gw---
|a n-xxu--
|
| 044 |
|
|
|a xo
|c SK
|
| 072 |
|
7 |
|a 37.016
|x Učebné osnovy. Vyučovacie predmety. Učebnice
|2 konspekt
|
| 072 |
|
7 |
|a 342
|x Ústavné právo. Správne právo
|2 konspekt
|
| 080 |
|
|
|a 342.4(410+430.1+44+45+73)(075.8)
|2 1981
|
| 080 |
|
|
|a 430.1
|2 1981
|
| 080 |
|
|
|a 44
|2 1981
|
| 080 |
|
|
|a 45
|2 1981
|
| 080 |
|
|
|a 73(075.8)
|2 1981
|
| 080 |
|
|
|a 378
|2 1981
|
| 080 |
|
|
|a 342.4(410
|2 1981
|
| 080 |
|
|
|a 44.45
|2 1981
|
| 100 |
1 |
|
|a Káčer, Laurinec,
|d 1922-2009
|4 aut
|9 212891
|
| 245 |
1 |
0 |
|a Ústavy kapitalistických štátov
|c Laurinc Káčer
|
| 250 |
|
|
|a 1. vyd.
|
| 260 |
|
|
|a Bratislava
|b Univerzita Komenského
|c 1977
|e Bratislava
|f Polygrafické stredisko UK
|
| 300 |
|
|
|a 148 strán
|c 29 cm
|
| 366 |
|
|
|e 1200 výtl.
|
| 490 |
1 |
|
|a Vysokoškolské skriptá
|
| 504 |
|
|
|a Obsahuje bibliografiu
|
| 650 |
0 |
7 |
|a ústava
|2 SNKPH
|9 2640
|
| 650 |
0 |
7 |
|a ústavné systémy
|2 SNKPH
|9 68257
|
| 651 |
|
7 |
|a Veľká Británia
|2 SNKPHgeo
|9 20930
|
| 651 |
|
7 |
|a Francúzsko
|2 SNKPHgeo
|9 15907
|
| 651 |
|
7 |
|a Taliansko
|2 SNKPHgeo
|9 21019
|
| 651 |
|
7 |
|a Spolková republika Nemecko
|2 SNKPHgeo
|9 30867
|
| 651 |
|
7 |
|a Spojené štáty americké
|2 SNKPHgeo
|9 18262
|
| 651 |
|
7 |
|a kapitalistické krajiny
|2 SNKPH
|9 90037
|
| 655 |
|
7 |
|a učebnice vysokých škôl
|2 SNKPH
|9 70191
|
| 655 |
|
7 |
|a Textbooks (higher)
|2 SNKPHeng
|9 276436
|
| 700 |
1 |
|
|a Káčer, Laurinec,
|d 1922-2009
|4 aut
|9 212891
|
| 830 |
|
0 |
|a Vysokoškolské skriptá
|9 276440
|
| 958 |
|
|
|a OND
|
| 958 |
|
|
|a NB
|
| 958 |
|
|
|a RM
|
| 958 |
|
|
|a UV
|
| 999 |
|
|
|c 621059
|d 622989
|
| 952 |
|
|
|a SNK
|b SNK
|y PREZ
|7 0
|p 17A0943047
|o snkSB 25257
|0 0
|1 0
|4 0
|d 2012-07-25
|f 1
|l 0
|r 2025-03-27 00:00:00
|w 2026-02-23
|
| 952 |
|
|
|t P60, <04>, [BOOK], {604}
|a SNK
|b SNK
|y VYP
|7 0
|p 17A0053504
|o snkSB 25257 D1
|0 0
|1 0
|4 0
|d 1997-03-08
|l 0
|r 2004-12-31 00:00:00
|w 2026-02-23
|